Instrumental Method of Chemical Analysis/ (Record no. 166961)

MARC details
000 -LEADER
fixed length control field 00641nam a22001817a 4500
010 ## - LCCN (DPL NO)
LC control number ENG-126188
020 ## - INTERNATIONAL STANDARD BOOK NUMBER
International Standard Book Number 978-93-8212-771-0
Terms of availability 2495.00
035 ## - SYSTEM CONTROL NUMBER
System control number EN-109720
037 ## - SOURCE OF ACQUISITION
Source of stock number/acquisition DBAD/PUB
082 ## - DEWEY DECIMAL CLASSIFICATION NUMBER
Classification number 543.08
100 ## - MAIN ENTRY--PERSONAL NAME
Personal name Ahluwalia V.K.
245 ## - TITLE STATEMENT
Title Instrumental Method of Chemical Analysis/
Statement of responsibility, etc by V.K.Ahluwalia
260 ## - PUBLICATION, DISTRIBUTION, ETC. (IMPRINT)
Place of publication, distribution, etc New Delhi
Name of publisher, distributor, etc Ane Books Pvt.Ltd.
Date of publication, distribution, etc 2017
270 ## - ADDRESS
Address 4821,Parwana Bhawan 1st Floor 24 Ansari Road, Darya Ganj
City New Delhi
Postal code 110002
Telephone number +91(011)23276843,2814209
Electronic mail address anebookschennai.com
300 ## - PHYSICAL DESCRIPTION
Extent 592p.
Other physical details 24cm(hb)
500 ## - GENERAL NOTE
General note it Includes Index and Bibliography
942 ## - ADDED ENTRY ELEMENTS (KOHA)
Source of classification or shelving scheme Dewey Decimal Classification
Item type English Books
Classification part 543.08
Call number suffix AHL
Holdings
Withdrawn status Lost status Not for loan Collection code Home library Current library Date acquired Source of acquisition Cost, normal purchase price Full call number Barcode Copy number Cost, replacement price Koha item type
      Non-fiction Ashok Vihar Ashok Vihar 19/08/2019 DBAD/PUB 2495.00 543.08 AHL EN-109720 1 2495.00 English Books

© Delhi Public Library
Hit Counter
free hit counter